Deep Neural Network Context-Aware Movie Recommendation

Saved in:
Bibliographic Details
Main Author: Baran-Tomik, Adam (Author)
Other Authors: Nguyen Thu, Giang (Thesis advisor)
Format: Manuscript Book
Language:Slovak
English
Published: 2024
Subjects:
Online Access:http://is.stuba.sk/zp/portal_zp.pl?podrobnosti=177043
Tags: Add Tag
No Tags, Be the first to tag this record!

MARC

LEADER 00000ntm a22000003a 4500
001 stuzp100100
003 SK-STU
005 20240608213320.8
007 ta
008 150427s2015----xo-----f-mn---000-0-slo-d
040 |a STU  |b slo 
041 0 |a eng 
100 1 |a Baran-Tomik, Adam  |u 070200  |4 aut  |U FIIT Fakulta informatiky a informačných technológií  |T FIIT Ústav informatiky, informačných systémov a softvérového inžinierstva  |X 102853  |U I200  |Y 179  |7 102853 
242 0 1 |a Kontextovo povedomé odporúčanie filmov s hlbokou neurónovou sieťou  |y slo 
245 1 0 |a Deep Neural Network Context-Aware Movie Recommendation 
260 |c 2024 
650 4 |a kontext  |2 slo 
650 4 |a odporúčacie systémy  |2 slo 
650 4 |a neurónové siete  |2 slo 
650 4 |a neural networks  |2 eng 
650 4 |a recommender systems  |2 eng 
650 4 |a context  |2 eng 
700 1 |a Nguyen Thu, Giang  |u 070200  |k Z1  |4 ths  |U FIIT Fakulta informatiky a informačných technológií  |T FIIT Ústav informatiky, informačných systémov a softvérového inžinierstva  |X 90747  |U I200  |Y 179  |7 90747 
856 4 |u http://is.stuba.sk/zp/portal_zp.pl?podrobnosti=177043